| 000 | 00555nam a2200205Ia 4500 | ||
|---|---|---|---|
| 003 | OSt | ||
| 005 | 20230607162842.0 | ||
| 008 | 210423s2005 xx 000 0 und d | ||
| 020 | _a8181930088 | ||
| 040 | _cAL | ||
| 041 | _aeng | ||
| 082 | _a616.89 BHUH | ||
| 100 |
_aBHUGRA (Dinesh); others. _9121915 |
||
| 245 | _aHandbook of psychiatry: South asian perspective. | ||
| 260 |
_aNew Delhi _bByword Books _c2005 |
||
| 300 |
_axv,645 _bPB |
||
| 365 |
_b995 _cINR |
||
| 906 | _aasian ; Handbook ; perspective. ; psychiatry: ; South | ||
| 942 |
_2ddc _cBK |
||
| 999 |
_c176255 _d176255 |
||